Navrhovanie veľkých otvorov v nosných stenách pri úpravách panelových domov

Podrobná bibliografia
Hlavní autori: Harvan, Ivan, 1944- (Autor), Gramblička, Štefan, 1948- (Autor)
Médium: Článok
Jazyk:slovenčina

MARC

LEADER 00000nab a2200000uu 4500
001 vtls011156801
003 SK-MaSNL
005 20260303145917.0
008 230222|1999 xo |||||||||||||||||slo|
015 |a SNBRB 
035 |a (urnnbn)urn:nbn:sk:snk:ar-a0adii 
035 |a (uuid)d2d10abb-0e6a-43b7-b8f7-ad62de15d9ab 
035 |a urn:nbn:sk:snk-abb502 
040 |a SNKBUCL  |b slo  |c SNKBUCL  |e AACR2 
041 0 |a slo 
044 |a xo  |c SK 
100 1 |a Harvan, Ivan,  |d 1944-  |4 aut  |9 109758 
245 1 0 |a Navrhovanie veľkých otvorov v nosných stenách pri úpravách panelových domov  |c Ivan Harvan, Štefan Gramblička 
700 1 |a Gramblička, Štefan,  |d 1948-  |4 aut  |9 105563 
773 0 |t Projekt a stavba  |g Roč. 1, č. 7-8 (1999), s. 49-51 
954 |a odborná, vedecká literatúra pôvodná (slovenská)  |2 lita 
958 |a OND 
958 |a EUIPO 
958 |a article14 
999 |c 2006213  |d 2008143